01882cam a22003015a 45000010009000000050017000090080041000260200025000670200024000920200026001160400028001420430012001700820023001821000023002052450031002282600048002593000028003075000024003355040041003595050841004006500033012416500073012746510010013476530043013579420008014009990017014089520155014251804364120151102102148.0140224s2014 enka b 001 0 eng  a9781408297841 (pbk.) a9781408297865 (PDF) a9781292014982 (etext) aDLCbengcDLCdEG-ScBUE ae-uk-en04a346.41082222bARU1 aArora, Anu.93862410aBanking law /cAnu Arora.  aHarlow :bPearson Education Limited,c2014. axciii, 670 p. ;c24 cm. aIndex : p. 656-670. aIncludes bibliographical references.0 aWhat is money? -- The role of the City of London as a financial centre and the international financial institutions -- The corporate governance failings in financial institutions and directors legal liability -- The UK response to the credit crisis -- Bank regulation and supervision -- The banker and customer relationship and the unfair terms in banking contracts -- Duties arising under the banker and customer relationship -- The bank as the fiduciary -- The nature of the overdrawn account and the bank's self-help remedies -- Bills of exchange -- Cheques as negotiable instruments -- Third party rights : wrongful dealings and liability -- Money laundering -- Nature and type of electronic funds transfers systems -- Plastic money -- Overdrafts and bank loans -- Recovery of money paid by mistake -- Securities for bank borrowing. 0aBanking lawzEngland.2BUEsh 0aBanks and banking, InternationalxLaw and legislation.2BUEsh932822 2BUEsh bBUSECObBUSADMcJune2015cNovember2015 2ddc c19676d19648 00102ddc40708AlahramaMAINbMAINc1STd2015-06-15ePurchaseg295.00h316l1o346.41082 ARUp000038597r2025-07-15 00:00:00s2016-08-02v368.75yBB